[Event "EU-chT Seniors 65"]
[Site "Chalkidiki"]
[Date "2016.04.26"]
[Round "8.4"]
[White "Bengtsson, Jan"]
[Black "Mishuchkov, Nikolai Mikhailovic"]
[Result "0-1"]
[WhiteElo "2056"]
[BlackElo "2304"]
[PlyCount "76"]
[EventDate "2016.04.19"]
[EventType "team-tourn"]
[EventRounds "9"]
[EventCountry "GRE"]
[SourceTitle "CBM 172 Extra"]
[Source "ChessBase"]
[SourceDate "2016.06.21"]
[SourceVersion "1"]
[SourceVersionDate "2016.06.21"]
[SourceQuality "1"]
[WhiteTeam "Sweden"]
[BlackTeam "Russia"]
[WhiteTeamCountry "SWE"]
[BlackTeamCountry "RUS"]

1. Nf3 d5 2. d4 Nf6 3. Bf4 c5 4. c3 Qb6 5. Qb3 Nc6 6. e3 c4 7. Qxb6 axb6 8. Be2 Bf5 9. Nbd2 b5 10. 0-0 b4 11. Nh4 e6 12. f3 Be7 13. Nxf5 exf5 14. Bg5 b5 15. Bxf6 Bxf6 16. e4 bxc3 17. bxc3 Nxd4 18. cxd4 Bxd4+ 19. Kh1 Bxa1 20. Rxa1 fxe4 21. fxe4 d4 22. e5 0-0 23. Bf3 Ra5 24. Bc6 Rc8 25. Bd7 Rca8 26. Rf1 Rxa2 27. Nf3 Ra1 28. Kg1 b4 29. e6 Rxf1+ 30. Kxf1 Kf8 31. Nxd4 b3 32. Nc6 fxe6 33. Bxe6 b2 34. Bf5 Ra1+ 35. Ke2 b1Q 36. Bxb1 Rxb1 37. Ne5 Rb2+ 38. Kf3 c3 0-1

[Event "SWE-chC op"]
[Site "Lund"]
[Date "2010.07.03"]
[Round "1"]
[White "Eklund, Mathias"]
[Black "Bengtsson, Jan"]
[Result "0-1"]
[WhiteElo "2088"]
[BlackElo "2080"]
[PlyCount "58"]
[EventDate "2010.07.03"]
[EventType "swiss"]
[EventRounds "9"]
[EventCountry "SWE"]
[SourceTitle "CBM 137 Extra"]
[Source "ChessBase"]
[SourceDate "2010.09.01"]
[SourceVersion "1"]
[SourceVersionDate "2010.09.01"]
[SourceQuality "1"]

1. d4 c6 2. c4 d5 3. Nf3 Nf6 4. Bf4 Bf5 5. e3 e6 6. Nc3 Bd6 7. Bxd6 Qxd6 8. Bd3 Bg6 9. 0-0 Nbd7 10. a3 Bh5 11. cxd5 exd5 12. b4 0-0 13. Be2 a6 14. Qb3 Ne4 15. Rfc1 f5 16. a4 Kh8 17. g3 Rae8 18. b5 axb5 19. axb5 Qh6 20. Ra7 Nxf2 21. bxc6 bxc6 22. Kxf2 Qxe3+ 23. Kg2 Qxc1 24. Rxd7 Qe3 25. Ng1 Qd2 26. Qd1 Qb2 27. Kf1 f4 28. Bxh5 fxg3+ 29. Nf3 Qf2# 0-1

[Event "SWE-chT 0607"]
[Site "Sweden"]
[Date "2007.03.17"]
[Round "10"]
[White "Nordstrom, Felix"]
[Black "Bengtsson, Jan"]
[Result "0-1"]
[WhiteElo "2143"]
[BlackElo "2064"]
[PlyCount "136"]
[EventDate "2006.10.20"]
[EventType "team"]
[EventRounds "11"]
[EventCountry "SWE"]
[SourceTitle "EXT 2009"]
[Source "ChessBase"]
[SourceDate "2008.11.26"]
[SourceVersion "1"]
[SourceVersionDate "2008.11.26"]
[SourceQuality "1"]
[WhiteTeam "Wasa"]
[BlackTeam "Astorp"]
[WhiteTeamCountry "SWE"]
[BlackTeamCountry "SWE"]

1. d4 c6 2. c4 d5 3. Nf3 Nf6 4. Nc3 Qb6 5. e3 Bf5 6. Be2 e6 7. Nh4 Bg6 8. Nxg6 hxg6 9. 0-0 Nbd7 10. Qc2 Qc7 11. h3 Bb4 12. Bd2 Bxc3 13. Bxc3 g5 14. f4 gxf4 15. exf4 g6 16. Bd3 0-0-0 17. Rf3 dxc4 18. Bxc4 Kb8 19. Qe2 Qd6 20. Bb3 Nd5 21. Raf1 Ka8 22. Ba5 Rc8 23. Be1 f5 24. a3 Rce8 25. Qd2 N5f6 26. Qb4 Qc7 27. Qa5 Qxa5 28. Bxa5 Nd5 29. Kh2 N7f6 30. Re1 Kb8 31. g3 Kc8 32. Kg2 Kd7 33. Bc2 Rhg8 34. Kf2 Rh8 35. Kg2 Rh6 36. Rf2 b6 37. Bd2 a5 38. Rfe2 Nc7 39. Be3 Nfd5 40. Bf2 Ra8 41. Rc1 a4 42. Bd1 b5 43. Rec2 Ra6 44. Be2 Rh8 45. Bf1 Rb6 46. Be2 Ne8 47. Bf3 Nd6 48. Be2 Rc8 49. Bf1 b4 50. axb4 Rxb4 51. Bd3 Rb3 52. Bc4 Rb4 53. Bd3 Rb6 54. Ra1 Ra8 55. Rd2 Rb4 56. Kf1 Rab8 57. Ra2 Nc4 58. Bxc4 Rxc4 59. Rd1 Rc2 60. Rda1 Rb3 61. Kg1 Nb4 62. Rxa4 Rbxb2 63. Be1 Nd3 64. Ra7+ Kd6 65. Ba5 Rg2+ 66. Kh1 Rxg3 67. Bc7+ Kd5 68. R7a5+ Ke4 0-1

[Event "SWE-chT 0607"]
[Site "Sweden"]
[Date "2007.02.10"]
[Round "7"]
[White "Sagit, Rauan"]
[Black "Bengtsson, Jan"]
[Result "1-0"]
[WhiteElo "2299"]
[BlackElo "2064"]
[PlyCount "147"]
[EventDate "2006.10.20"]
[EventType "team"]
[EventRounds "11"]
[EventCountry "SWE"]
[SourceTitle "EXT 2009"]
[Source "ChessBase"]
[SourceDate "2008.11.26"]
[SourceVersion "1"]
[SourceVersionDate "2008.11.26"]
[SourceQuality "1"]
[WhiteTeam "Manhem"]
[BlackTeam "Astorp"]
[WhiteTeamCountry "SWE"]
[BlackTeamCountry "SWE"]

1. e4 c6 2. d4 d5 3. exd5 cxd5 4. Bd3 Nf6 5. c3 Qb6 6. Nf3 Nc6 7. h3 g6 8. 0-0 Bf5 9. Re1 Bxd3 10. Qxd3 e6 11. b3 Rc8 12. Nbd2 Qa6 13. Qe3 Bg7 14. a4 0-0 15. b4 Ne7 16. Ne5 Nf5 17. Qf3 Nd6 18. Ba3 Qb6 19. b5 Qc7 20. Rac1 Rfd8 21. Bb4 Nfe4 22. Nxe4 Nxe4 23. Qe3 a5 24. bxa6 bxa6 25. a5 Bxe5 26. dxe5 Nc5 27. Rcd1 Nb3 28. Qg5 Rd7 29. Rd3 Qd8 30. Qxd8+ Rdxd8 31. Rb1 Nc5 32. Rd4 Ne4 33. Rd3 Rc4 34. f3 Nc5 35. Rd4 Rc8 36. Rxc4 dxc4 37. Rd1 Nd3 38. Bd6 Nc5 39. Kf2 Kg7 40. Ke3 g5 41. Be7 Kg6 42. Rd6 h5 43. g4 hxg4 44. hxg4 Re8 45. Bf6 Rc8 46. Ke2 Rb8 47. Ke3 Rc8 48. Ke2 Rb8 49. Rb6 Rb7 50. Rc6 Rb5 51. Bd8 Nd3 52. Rxc4 Nxe5 53. Rc8 Rd5 54. Bb6 Nd3 55. c4 Nf4+ 56. Ke1 Rd3 57. c5 Rxf3 58. c6 Nd5 59. c7 Nxc7 60. Rxc7 Rf4 61. Ra7 Rxg4 62. Rxa6 f5 63. Ra8 Rb4 64. Bf2 Rb1+ 65. Ke2 Rb2+ 66. Kf1 f4 67. a6 Kf5 68. a7 Kg4 69. Rb8 Ra2 70. a8Q Rxa8 71. Rxa8 e5 72. Ra5 e4 73. Bb6 e3 74. Ke2 1-0